000 00561cam a2200205 4500
001 B560
008 090401t1976 xxu||||| |||| 00| 0 eng d
035 _a(Sirsi) u36517
041 _aeng
050 _a692.309595
110 _aMalaysia
_9403
245 _aStandard method of measurement of building works (for use in Malaysia )
250 _aMetric ed.
260 _aPetaling Jaya,Malaysia
_bInstitution of Surveyors
_c1976
300 _aix,104p. ; 27cm.
350 _a0
710 _aInstitution of Surveyors
_9405
942 _n0
948 _c04/03/1997
999 _c90313
_d90313